Verdeelde Landvormen Puzzel - Statistieken

Algemene statistieken
  • Deze quiz is 1.824 keer genomen
  • De gemiddelde score is 8 van 15
Antwoordstatistieken
Land % Correct
Spanje
92%
Australië
87%
Marokko
80%
Egypte
78%
Senegal
77%
Brazilië
68%
Angola
41%
Ethiopië
41%
Verenigde Arabische Emiraten
41%
Nepal
40%
Saoedi-Arabië
40%
Iran
36%
Oostenrijk
36%
Zambia
32%
Guatemala
27%
Geen overeenkomende quizzen gevonden
Scoreverdeling
Procent van Mensen met Elke Score
Percentiel versus Aantal Correcte Antwoorden
Uw Scoregeschiedenis
U heeft deze quiz nog niet genomen